Microarray Detection and Characterization of Bacterial Foodborne Pathogens /

Na minha lista:
Detalhes bibliográficos
Autor principal: Guillermo López-Campos, Joaquín V. Martínez-Suárez, Mónica Aguado-Urda, Victoria López-Alonso (autor)
Formato: Livro
Idioma:inglês
Publicado em: Nueva York, EUA : Springer, 2012, c2012
Colecção:(SpringerBriefs in Food, Health, and Nutrition)
Acesso em linha:Ver documento en línea
Tags: Adicionar Tag
Sem tags, seja o primeiro a adicionar uma tag!

MARC

LEADER 00000nam^a22000000a04500
001 000597662
009 20260411195117.322
020 |a 978-1-4614-3250-0 
022 |a 2197-5728 
037 |a Acervo ITESO - Biblioteca 
041 |a ING 
082 |a Libro en línea 
100 |a Guillermo López-Campos, Joaquín V. Martínez-Suárez, Mónica Aguado-Urda, Victoria López-Alonso  |e (autor) 
245 |a Microarray Detection and Characterization of Bacterial Foodborne Pathogens / 
264 4 |a Nueva York, EUA :  |b Springer,  |c 2012, c2012 
264 2 |a Cham, Suiza :  |b Springer Link [distribución],  |c 2025 
300 |a 1 libro electrónico en línea (IX, 126 p.) 
300 |a 1 recurso en línea 
336 |a datos para computadora  |b cod  |2 rdacontenido 
337 |a computadora  |b c  |2 rdamedio 
338 |a recurso en línea  |b cr  |2 rdasoporte 
440 |a (SpringerBriefs in Food, Health, and Nutrition) 
506 0 |a Licencias ilimitadas 
567 |a Catalogación rápida 
649 |a XX 
856 4 0 |u https://link-springer-com.ezproxy.iteso.mx/10.1007/978-1-4614-3250-0  |y Ver documento en línea 
910 |a Fondo General 
920 |a Electrónicos - Libros en Línea 
930 |a Plataforma Digital 
905 |a 205 
902 |a https://opac.biblio.iteso.mx/vufind/Record/000597662